| 000 | 02229nab a2200301 a 4500 | ||
|---|---|---|---|
| 005 | 20240919064350.0 | ||
| 008 | 991125c2018 ni fr p o 000 0 spa d | ||
| 035 | _aUPN01000229347 | ||
| 040 |
_aMX-MxUPN _bspa _cMX-MxUPN _eaacr2 |
||
| 049 | _aART-E | ||
| 100 | 1 |
_aChimbo Mayancela, Maribel Elizabeth _6- chaskawa@yahoo.com |
|
| 100 | 1 | _aSarango Macas, Luis Fernando | |
| 245 | 1 | 0 |
_aComunicación comunitaria y sostenibilidad económica de la radio Ilumán 96.7 FM, en Ecuador _h[recurso electrónico en línea] |
| 506 | 0 | _aAcceso abierto | |
| 520 | 3 | _aFrente a la arremetida cultural de los modelos occidentales impuestos por el Estado ecuatoriano, que privilegia una sola forma de vivir y de ser, este estudio analiza otros caminos y formas de comprender la comunicacióny la radio comunitaria, desde lógi-cas locales de luchas para reivindicar los espacios culturales identitarios. Bajo estos criterios, el cultivo y crianza de sabidurías hace un recorrido por la historia de “Radio Ilumán”, sus características comunitarias y participativas, y cómo estas, se articulan para incidir en la sostenibilidad económica de este medio, sin sacrificar el bienestar de sus promotores, ni la naturaleza comunitaria de la radio. El estudio genera insumos para que “Radio Ilumán” mejore sus procesos de acercamiento y horizontalidad con la comunidad, empoderamiento de la audiencia respecto a la radio con expresión en propuestas de sostenibilidad social y económica. De esta manera, se logró constatar que radio Ilumán es un medio de comunicación comunitaria e indígena que en sus programas promueve el fortalecimiento de la identidad cultural de los pueblos kichwas de la provincia de Imbabura. | |
| 650 | 2 |
_aComunidad _99262 |
|
| 650 | 7 |
_946877 _aSustentabilidad |
|
| 650 | 4 |
_aEconomía _911541 |
|
| 653 | 0 | _aComunicación indígena | |
| 653 | 0 | _aRadio | |
| 653 | 0 | 5 | _aEcuador |
| 773 |
_gVol. 23, no. 2 (2018), p. 241-257 _tCiencia e interculturalidad |
||
| 856 | 4 | 0 | _uhttp://revistas.uraccan.edu.ni/index.php/Interculturalidad/article/view/449/435 |
| 856 | 4 | 0 | _uhttps://doi.org/10.5377/rci.v23i2.6580 |
| 902 |
_aGloria Jiménez _bGloria Jiménez/220523 |
||
| 905 | _aArticulo | ||
| 942 | _cART-E | ||
| 999 |
_c201442 _d201442 |
||